| 000 | 00873nam a2200277 u 4500 | ||
|---|---|---|---|
| 005 | 20240815063722.0 | ||
| 008 | 111010s2004 r 000 0 eng d | ||
| 020 | _a8425514843 | ||
| 035 | _aUPN01000182124 | ||
| 040 |
_aUPN _bspa _cUPN |
||
| 049 | _aI | ||
| 050 | 4 |
_aPZ76.3 _bS3.54 |
|
| 100 | 1 | _aSchubert, Astrid | |
| 245 | 1 | 0 |
_aMi gato y yo / _cAstrid Schubert ; il. Monika Wegler ; tr. Enrique Dauner. |
| 260 |
_aBarcelona, Esp. : _bHispano Europea, _c2003. |
||
| 300 |
_a64 p. : _bprincipalmente il. col. |
||
| 440 | 0 | _aAmo a los animales | |
| 534 |
_pTítulo original: _tMeine katze und ich |
||
| 650 | 4 |
_aAnimales _xHábitos y comportamiento _91059 |
|
| 650 | 4 |
_aLibros y lectura para niños _92290 |
|
| 650 | 4 |
_aGATOS _919091 |
|
| 700 | 1 |
_aWegler, Monika, _eil. |
|
| 700 | 1 |
_aDauner, Enrique _etraductor _946419 |
|
| 905 | _aInfantil | ||
| 942 |
_2lcc _cLIBRO |
||
| 999 |
_c154227 _d154227 |
||